Japan-think Ameri-think

A look at the cultural differences between Japanese and Americans discusses the prevalence of detective agencies in Japan; Japanese business etiquette, eating, lovemaking, child-rearing, and retirement; and much more.

Uloženo v:
Podrobná bibliografie
Hlavní autor: Collins, Robert J.
Médium: Kniha
Jazyk:Undetermined
Vydáno: New York Penguin Books 1992
Témata:
Tagy: Přidat tag
Žádné tagy, Buďte první, kdo otaguje tento záznam!
Thư viện lưu trữ: Trung tâm Học liệu Trường Đại học Cần Thơ
LEADER 00772nam a2200217Ia 4500
001 CTU_115136
008 210402s9999 xx 000 0 und d
082 |a 303.48 
082 |b C712 
100 |a Collins, Robert J. 
245 0 |a Japan-think Ameri-think 
245 0 |c Robert J. Collins 
260 |a New York 
260 |b Penguin Books 
260 |c 1992 
520 |a A look at the cultural differences between Japanese and Americans discusses the prevalence of detective agencies in Japan; Japanese business etiquette, eating, lovemaking, child-rearing, and retirement; and much more. 
650 |a Comparative civilization,Japan 
650 |x Civilization 
650 |y 1945- 
904 |i Tuyến 
980 |a Trung tâm Học liệu Trường Đại học Cần Thơ